Les 10 chansons les plus streamées de ces artistes ! #2 - Statistiques

Statistiques générales
  • Ce quiz a été pris 59 fois
  • Le résultat moyen est 24 sur 100
Statistiques - réponses
Streams Ariana Grande % Correct
4,219,972,871 Shape of You
80%
490,929,482 Djadja
78%
370,107,310 Djadja (Remix)
78%
910,920,417 Waka Waka (This Time for Africa)
76%
188,373,353 La Vie en rose
71%
1,291,075,636 Roar
69%
1,022,976,362 I Kissed A Girl
58%
2,582,166,956 Viva La Vida
56%
214,528,748 Pookie
55%
101,109,376 Pookie (Remix)
55%
1,223,531,032 Firework
53%
3,292,262,132 Perfect
53%
2,826,671,472 Yellow
53%
1,942,328,044 Hips Don't Lie
51%
435,060,729 Copines
49%
1,062,222,727 Hot N Cold
47%
1,473,603,240 Paradise
45%
2,467,376,159 7 rings
44%
2,020,479,441 Dynamite
44%
689,247,904 Whenever, Wherever
42%
89,672,465 La Foule
40%
986,944,311 California Gurls
36%
2,794,658,722 Photograph
36%
642,975,742 Hey Jude
35%
777,550,721 Let It Be
33%
3,527,467,480 One Dance
33%
1,998,053,503 thank u, next
33%
1,633,374,770 Dark Horse
31%
30,821,242 Hymne à l'amour
31%
189,651,511 Non, je ne regrette rien
31%
1,829,334,353 A Sky Full of Stars
29%
1,679,703,760 One Last Time
29%
1,328,205,963 Butter
27%
1,291,779,250 Dangerous Woman
27%
1,376,261,069 Last Friday Night (T.G.I.F.)
27%
2,202,304,733 The Scientist
27%
2,687,054,741 Thinking out Loud
27%
1,417,387,346 Hotline Bling
25%
1,401,950,931 no tears left to cry
25%
1,552,917,379 Side To Side
25%
1,459,735,731 Bang Bang
24%
1,101,012,181 Chantaje
22%
1,393,392,178 Galway Girl
22%
737,918,160 Yesterday
22%
1,879,103,959 Bad Habits
20%
1,434,679,161 Castle on the Hill
20%
2,706,343,902 God's Plan
20%
42,593,413 Milord
20%
913,853,044 Teenage Dream
20%
97,362,522 40%
18%
1,608,886,995 Hymn for the Weekend
18%
86,280,373 Baby
16%
813,134,928 Come Together
16%
1,558,948,257 positions
16%
1,527,205,696 Here Comes The Sun
15%
1,535,443,660 Into You
15%
157,044,535 Jolie nana
15%
1,763,592,909 Shivers
15%
376,962,555 Something
15%
599,822,182 Can't Remember to Forget You
13%
87,293,247 Dégaine
13%
1,940,265,730 I Don't Care
13%
1,398,738,096 My Universe
13%
40,487,680 Padam padam
13%
1,680,380,072 Fix You
11%
1,108,919,419 Toosie Slide
11%
546,506,753 Blackbird
9%
1,237,187,581 Boy With Luv
9%
671,460,443 DNA
9%
553,946,146 La Tortura
9%
1,279,526,715 Santa Tell Me
9%
1,261,952,449 Sparks
9%
1,219,457,763 TQG
9%
1,164,985,832 Adventure of a Lifetime
7%
81,100,742 Bobo
7%
891,764,642 FAKE LOVE
7%
466,203,085 I Want To Hold Your Hand
7%
1,784,648,403 Passionfruit
7%
767,451,706 Te Felicito
7%
1,086,022,430 The One That Got Away
7%
575,159,648 Twist And Shout
7%
731,392,735 Unconditionally
7%
1,453,272,904 Beautiful People
5%
759,537,203 La Bicicleta
5%
719,568,937 Permission to Dance
5%
601,698,845 Blood Sweat & Tears
4%
1,433,690,535 In My Feelings
4%
487,574,526 In My Life
4%
776,036,498 Life Goes On
4%
1,344,963,387 Nice For What
4%
1,039,232,758 Shakira: Bzrp Music Sessions, Vol. 53
4%
21,481,144 Sous le ciel de Paris
4%
546,629,061 Spring Day
4%
1,098,953,783 Too Good
4%
8,386,172 A quoi ça sert l'amour ?
2%
624,382,922 Euphoria
2%
1,119,413,712 Jimmy Cooks
2%
1,184,450,735 Nonstop
2%
10,124,297 Paris
2%
8,987,296 Plus Bleu Que Tes Yeux
2%
Aucun quiz correspondant
Distribution des résultats
% des personnes avec chaque résultat
Percentile par nombre de réponses
Votre historique - résultats
Vous n’avez pas pris ce quiz